000 00520nam a2200181Ia 4500
008 240729s9999 xx 000 0 und d
022 _a0974-2484
245 0 _aJournal of the Indian Academy of Geriatrics
260 _aIndia
260 _bWolters Kluwer Medknow Publications
650 _a Geriatrics
650 _a Internal medicine
650 _a Special situations and conditions
650 _aMedicine
856 _uhttps://doaj.org/toc/0b6f4d844fdc43f08d4cd8c9a4b272ab
942 _2ddc
942 _cDOAJEJ
999 _c68242
_d68242
945 _a1
_bMadushi Gamage
_c1
_dMadushi Gamage